Celtic Champions League Winner Starting XI - Statistics

General Stats
  • This quiz has been taken 255 times
  • The average score is 7 of 11
Answer Stats
Player % Correct
Jimmy Johnstone
85%
Bertie Auld
74%
Billy McNeill
73%
Bobby Lennox
72%
Ronnie Simpson
71%
Stevie Chalmers
71%
Tommy Gemmell
68%
Bobby Murdoch
60%
Jim Craig
57%
John Clark
56%
Willie Wallace
47%
No matching quizzes found
Score Distribution
Percent of People with Each Score
Percentile by Number Answered
Your Score History
You have not taken this quiz